1914 1424 1409 1891 1651 1445 1450 1135 1820 1152 1350 1691 1191 1035 1642 1923 1685 1840 1857 1367 1101 1722 1505 1765 1936 1508 1722 1979 1365 1143 1247 1563 1414 1026 1132 1778 1205 1785 1356 1035 1466 1578 1743 1100 1570 1115 1310 1749 1080 1995 1168 1446 1271 1083 1781 1920 1662 1434 1052 1513 1778 1439 1306 1812 1963 1600 1578 1505 1277 1477 1707 1305 1894 1774 1274 1568 1916 1139 1194 1609 1758 1289 1254 1185 1382 1591 1059 1458 1636 1899 1519 1962 1474 1657 1052 1826 1474 1146 1908 BCNSPRNW ULIB Ver.6.0+V

เปลี่ยนเป็นภาษาไทย

Change to English
 แสดงรายละเอียดบรรณานุกรม
  กลับหน้าหลัก

Brief Record : Get Marc (ISO 2709) : E-mail record : QR code < ปิดหน้าต่าง
LEADER : 00000nam 2200000uu 4500
001    13399126732
003     ULIB
008    190225s2019||||th 000 0 tha d
020    ^a9780702074042
020    ^a9780702074059 (International)
020    ^a^z9780702074073 (e-ISBN)
060 10 ^aWQ 100^bC641
245 10 ^aClinical obstetrics & gynaecology / ^c[edited by] Brian A. Magowan, Philip Owen, Andrew Thomson.
250    ^aFourth edition.
260    ^aEdinburgh:^bElsevier;^c2019
300    ^aviii, 404 pages : ^billustrations
500    ^aIncludes index.
650 12 ^aObstetrics ^0 https://id.nlm.nih.gov/mesh/D009774
650 22 ^aGenital Diseases, Female ^0 https://id.nlm.nih.gov/mesh/D005831
650 22 ^aPregnancy ^0 https://id.nlm.nih.gov/mesh/D011247
650 22 ^aPregnancy Complications ^0 https://id.nlm.nih.gov/mesh/D011248
700 1  ^aMagowan, Brian, ^eeditor.
700 1  ^aOwen, Philip, ^d1962- ^eeditor.
700 1  ^aThomson, Andrew J. ^q(Andrew John), ^eeditor.
945    ^p1581^l0^i005394
999    ^aประนอม เกษจรัล
รายการนี้ยังไม่มีแท็ก
คุณยังไม่ได้ล็อกอิน คุณสามารถมีกิจกรรมร่วมกับเว็บไซต์ได้ แต่ต้องล็อกอินก่อน ::
  ล็อกอิน

รายการสื่อสารสนเทศ

ลำดับที่ ประเภท เลขเรียก/บาร์โค้ด สถานที่ สถานะ
1. วิทยาศาสตร์การแพทย์ และสุขภาพ
หนังสือสำรอง
สถานะ=หนังสือสำรอง
WQ 100 C641 ฉ.1 
  Barcode: 005394
ห้องสมุดวิทยาเขตสวรรค์ประชารักษ์
►หนังสือทั่วไป
บนชั้น

BibComment


ยังไม่เคยถูกคอมเมนท์

คอมเมนท์ทรัพยากรรายการนี้
  คอมเมนท์: Clinical obstetr..


 Copyright 2026. Bcnsprnw @Library